[Event "DEM U10/U10w 2000"]
[Site "Überlingen GER"]
[Date "2000.06.04"]
[Round "1"]
[White "Seyb, Alexander"]
[Black "Göllner, Stefanie"]
[Result "1-0"]
[Termination "normal"]
[Board "25"]
[WhiteElo "1052"]
[BlackElo "374"]
[PlyCount "113"]
[WhiteFideId "4699033"]
[EventCountry "GER"]
[EventRounds "11"]
[EventType "swiss"]
[EventDate "2000.06.03"]

1. e4 e5 2. Nf3 Nc6 3. Bc4 Nf6 4. Ng5 Qe7 5. Bxf7+ Kd8 6. Bb3 Ke8 7. Nc3 d6 8.
d3 h6 9. Nf3 Be6 10. O-O Bxb3 11. axb3 Qe6 12. Re1 d5 13. exd5 Nxd5 14. Nxd5
Qxd5 15. d4 Bd6 16. c4 Qf7 17. dxe5 Bb4 18. Bd2 Rd8 19. e6 Qe7 20. Bxb4 Nxb4
21. Qb1 Nd3 22. Re3 Nf4 23. Qe4 Nd3 24. Rxd3 Rxd3 25. Qxd3 Qxe6 26. Re1 Qxe1+
27. Nxe1 Kf7 28. Qf5+ Ke7 29. Qe5+ Kd8 30. Qxg7 Re8 31. Kf1 Re7 32. Qxe7+ Kxe7
33. Ke2 Ke6 34. Ke3 Kf5 35. Nf3 Kg4 36. h3+ Kf5 37. Kd4 b6 38. b4 Kf6 39. g4 a6
40. Kd5 c5 41. bxc5 bxc5 42. Kxc5 Kg6 43. Kb6 a5 44. c5 Kf7 45. c6 Ke7 46. c7
Kd7 47. Kb7 Ke7 48. c8=Q Kf6 49. Qf5+ Ke7 50. Kc6 a4 51. Qe5+ Kf7 52. Kd7 Kg6
53. Qf5+ Kg7 54. Ke7 h5 55. Qg5+ Kh7 56. Kf7 Kh8 57. Qxh5# 1-0

[Event "DEM U10/U10w 2000"]
[Site "Überlingen GER"]
[Date "2000.06.04"]
[Round "1"]
[White "Nekrassowa, Katja"]
[Black "Fischer, Sven"]
[Result "1-0"]
[Termination "normal"]
[Board "26"]
[WhiteElo "361"]
[BlackElo "1028"]
[PlyCount "89"]
[EventCountry "GER"]
[EventRounds "11"]
[EventType "swiss"]
[EventDate "2000.06.03"]

1. e4 c5 2. Nf3 Nc6 3. d4 cxd4 4. Nxd4 g6 5. Nxc6 bxc6 6. Nc3 Bg7 7. Bc4 d6 8.
O-O Bb7 9. Qf3 e6 10. Re1 Ne7 11. Bg5 O-O 12. Bxe7 Qxe7 13. Rad1 d5 14. exd5
cxd5 15. Bxd5 Bxd5 16. Nxd5 Qb7 17. Nf6+ Bxf6 18. Qxb7 Rfc8 19. c3 Rcb8 20. Qc7
Rc8 21. Qf4 Bg7 22. Rd7 Rf8 23. Re3 e5 24. Qe4 f5 25. Qd5+ Kh8 26. Rxe5 Bf6 27.
f4 Bg7 28. Ree7 Rg8 29. Qb7 Rab8 30. Qxa7 Ra8 31. Qd4 Bxd4+ 32. Rxd4 Rgd8 33.
Rxd8+ Rxd8 34. a4 Rd1+ 35. Kf2 Rd2+ 36. Re2 Rd7 37. Re8+ Kg7 38. a5 Rd2+ 39.
Re2 Rd6 40. b4 Ra6 41. Re7+ Kg8 42. Rb7 h5 43. Rb6 Ra7 44. a6 Kf7 45. Rb7+ 1-0

[Event "DEM U10/U10w 2000"]
[Site "Überlingen GER"]
[Date "2000.06.04"]
[Round "1"]
[White "Bömelburg, Raphael"]
[Black "Prum, Alexander"]
[Result "1-0"]
[Termination "normal"]
[Board "27"]
[WhiteElo "1009"]
[BlackElo "351"]
[PlyCount "101"]
[WhiteFideId "24692441"]
[EventCountry "GER"]
[EventRounds "11"]
[EventType "swiss"]
[EventDate "2000.06.03"]

1. e4 e5 2. Nf3 Nf6 3. Nc3 Nc6 4. Bb5 a6 5. Bxc6 dxc6 6. O-O Bd6 7. d4 Bg4 8.
Be3 O-O 9. h3 Bh5 10. g4 Bg6 11. dxe5 Re8 12. exf6 Qxf6 13. Bd4 Qf4 14. e5 Bb4
15. Be3 Qc4 16. Qd4 Qxd4 17. Bxd4 Bxc2 18. h4 Rad8 19. Rfe1 c5 20. Be3 f6 21.
exf6 gxf6 22. Bf4 c6 23. Rxe8+ Rxe8 24. Rc1 Bg6 25. Be3 f5 26. gxf5 Bxf5 27. a3
Bxc3 28. Rxc3 b6 29. Rb3 b5 30. Bxc5 Be4 31. Re3 Kf7 32. Ng5+ Kf6 33. Nxh7+ Kf5
34. Ng5 Re5 35. Bd6 Re8 36. f3 a5 37. Rxe4 Rd8 38. Rf4+ Kg6 39. Be7 Re8 40.
Rf6+ Kg7 41. Rf7+ Kg6 42. Bf6 Re1+ 43. Kf2 Rh1 44. Kg3 Rg1+ 45. Kh2 Rb1 46. Rf8
Rxb2+ 47. Bxb2 Kh5 48. Kg3 Kg6 49. Kg4 Kh6 50. h5 c5 51. Rh8# 1-0

[Event "DEM U10/U10w 2000"]
[Site "Überlingen GER"]
[Date "2000.06.04"]
[Round "1"]
[White "Häcker, Katrin"]
[Black "Körnlein, Daniel"]
[Result "0-1"]
[Termination "normal"]
[Board "28"]
[WhiteElo "350"]
[BlackElo "1004"]
[PlyCount "60"]
[WhiteFideId "24667986"]
[EventCountry "GER"]
[EventRounds "11"]
[EventType "swiss"]
[EventDate "2000.06.03"]

1. e4 c5 2. Nf3 Nc6 3. Bb5 a6 4. Ba4 b5 5. Bb3 c4 6. O-O cxb3 7. axb3 d6 8. Nc3
Nf6 9. d3 Bg4 10. Bg5 e6 11. h3 Bxf3 12. Qxf3 Nd4 13. Qd1 Be7 14. b4 Nc6 15.
Bxf6 Bxf6 16. Ne2 Nxb4 17. Qd2 Nc6 18. Ng3 Bxb2 19. Ra2 Bf6 20. Nh5 O-O 21. Qf4
e5 22. Qg4 g6 23. Ng3 Bg7 24. Ra3 b4 25. Raa1 a5 26. Rfc1 Nd4 27. Kh1 b3 28.
Ra3 bxc2 29. Rxc2 Nxc2 30. Rc3 Nd4 0-1

[Event "DEM U10/U10w 2000"]
[Site "Überlingen GER"]
[Date "2000.06.04"]
[Round "1"]
[White "Lange, Jan-David"]
[Black "Farnbacher, Christa"]
[Result "1-0"]
[Termination "normal"]
[Board "29"]
[WhiteElo "1000"]
[BlackElo "348"]
[PlyCount "119"]
[WhiteFideId "24614963"]
[EventCountry "GER"]
[EventRounds "11"]
[EventType "swiss"]
[EventDate "2000.06.03"]

1. e4 e6 2. Nf3 d5 3. e5 b6 4. d4 c5 5. Bb5+ Bd7 6. Qd3 c4 7. Bxd7+ Qxd7 8. Qd1
Ne7 9. O-O Nbc6 10. Ng5 g6 11. Nc3 Nf5 12. Nb5 Nb4 13. Na3 Rc8 14. c3 Nd3 15.
Nc2 h6 16. Nf3 Bg7 17. Nce1 Nxe1 18. Rxe1 g5 19. g4 Ne7 20. b3 O-O 21. Bb2 f5
22. h3 a5 23. bxc4 Rxc4 24. Nd2 Rcc8 25. Rc1 Qb5 26. Ba3 Rc7 27. Rb1 Qd3 28.
Re3 Qa6 29. Bd6 Rd7 30. Rb2 f4 31. Rf3 Rf7 32. Qb1 Rb7 33. Rd3 Nc8 34. Nf3 Nxd6
35. exd6 Rfd7 36. h4 gxh4 37. Nxh4 Rxd6 38. Rf3 Bf6 39. Qg6+ Bg7 40. Rxf4 Rb8
41. Qf7+ Kh7 42. Rf6 Qd3 43. Rg6 Qd1+ 44. Kg2 Rg8 45. g5 Qg4+ 46. Kf1 Qh3+ 47.
Ke2 Qg4+ 48. f3 Qxg5 49. Rxg5 hxg5 50. Qg6+ Kh8 51. Qxg5 e5 52. Ng6+ Kh7 53.
Ne7 Rf8 54. Rb1 e4 55. Rh1+ Bh6 56. Nf5 Rf7 57. Nxd6 exf3+ 58. Kf2 Kh8 59.
Nxf7+ Kh7 60. Rxh6# 1-0

[Event "DEM U10/U10w 2000"]
[Site "Überlingen GER"]
[Date "2000.06.04"]
[Round "1"]
[White "Neudert, Maximilian"]
[Black "Beck, Frederik"]
[Result "1-0"]
[Termination "normal"]
[Board "30"]
[WhiteElo "346"]
[BlackElo "969"]
[PlyCount "51"]
[BlackFideId "4687388"]
[EventCountry "GER"]
[EventRounds "11"]
[EventType "swiss"]
[EventDate "2000.06.03"]

1. e4 e5 2. Bc4 Nf6 3. d3 Nc6 4. Be3 d5 5. exd5 Nxd5 6. Nf3 Bf5 7. Bxd5 Qxd5 8.
Nc3 Qe6 9. O-O Bd6 10. Ng5 Qg6 11. Qf3 f6 12. Nge4 O-O-O 13. Nxd6+ cxd6 14. Nb5
a6 15. Na7+ Nxa7 16. Bxa7 d5 17. d4 Be4 18. Qg3 Qf5 19. f3 Bxc2 20. Rac1 exd4
21. Bxd4 Rd6 22. Qxd6 Qd3 23. Rfd1 Qf5 24. Qc5+ Kb8 25. Rxc2 Rc8 26. Qa7# 1-0

[Event "DEM U10/U10w 2000"]
[Site "Überlingen GER"]
[Date "2000.06.04"]
[Round "1"]
[White "Hofmann, Christine"]
[Black "Rath, Oliver"]
[Result "1-0"]
[Termination "normal"]
[Board "31"]
[WhiteElo "966"]
[BlackElo "332"]
[PlyCount "95"]
[BlackFideId "24610380"]
[EventCountry "GER"]
[EventRounds "11"]
[EventType "swiss"]
[EventDate "2000.06.03"]

1. d4 d5 2. c4 e6 3. Nc3 Nf6 4. e3 Nbd7 5. Nf3 Be7 6. Bd3 dxc4 7. Bxc4 O-O 8.
O-O b6 9. e4 Bb7 10. e5 Ne8 11. Be3 Bxf3 12. Qxf3 Rc8 13. Qg3 Bh4 14. Qg4 Be7
15. Ne2 g6 16. Bh6 Ng7 17. Ng3 Re8 18. Rfe1 c5 19. Rad1 Qc7 20. Bf4 h5 21. Qf3
Nb8 22. d5 Nd7 23. d6 Bxd6 24. Rxd6 Nf5 25. Nxf5 exf5 26. Bb5 Re7 27. e6 Qb8
28. exd7 Rxe1+ 29. Bf1 Rd8 30. Rxg6+ fxg6 31. Bxb8 Rxb8 32. Qd5+ Kh7 33. d8=Q
Rxd8 34. Qxd8 Rb1 35. Qf6 Kh6 36. f3 Kh7 37. Kf2 Rc1 38. Qf7+ Kh6 39. h3 h4 40.
Qf6 Kh5 41. Be2 Ra1 42. f4+ Kh6 43. Qxh4+ Kg7 44. Qe7+ Kh6 45. Qxa7 Rc1 46. g4
fxg4 47. hxg4 Rb1 48. g5# 1-0

[Event "DEM U10/U10w 2000"]
[Site "Überlingen GER"]
[Date "2000.06.04"]
[Round "1"]
[White "Gorodetski, Boris"]
[Black "Rutz, Marco"]
[Result "1-0"]
[Termination "normal"]
[Board "32"]
[WhiteElo "311"]
[BlackElo "951"]
[PlyCount "61"]
[EventCountry "GER"]
[EventRounds "11"]
[EventType "swiss"]
[EventDate "2000.06.03"]

1. d4 d5 2. e3 Nf6 3. Bd3 Nc6 4. f4 Ne4 5. Nd2 f5 6. Ngf3 e6 7. O-O Bd6 8. Ne5
Bxe5 9. fxe5 Qe7 10. Qh5+ g6 11. Qh6 Bd7 12. b3 O-O-O 13. a4 Rdg8 14. Ba3 Qf7
15. Bxe4 dxe4 16. Rfb1 g5 17. c4 g4 18. Qh5 Nd8 19. b4 Rg5 20. Qxg5 Rg8 21. Qh4
Bxa4 22. b5 Rg5 23. Rb2 b6 24. Be7 Rg8 25. Bxd8 Rxd8 26. Rxa4 Kb7 27. Qxd8 Qg6
28. Qf6 Qg8 29. Rba2 g3 30. Rxa7+ Kc8 31. Ra8+ 1-0

[Event "DEM U10/U10w 2000"]
[Site "Überlingen GER"]
[Date "2000.06.04"]
[Round "1"]
[White "Pongratz, Philip"]
[Black "Cammann, Tim"]
[Result "1/2-1/2"]
[Termination "normal"]
[Board "33"]
[WhiteElo "946"]
[BlackElo "266"]
[PlyCount "98"]
[EventCountry "GER"]
[EventRounds "11"]
[EventType "swiss"]
[EventDate "2000.06.03"]

1. e4 c5 2. Nf3 Nc6 3. d4 cxd4 4. Nxd4 e6 5. Nc3 Bb4 6. a3 Bxc3+ 7. bxc3 Qf6 8.
Bc4 d5 9. exd5 exd5 10. Bxd5 Qe5+ 11. Qe2 Qxe2+ 12. Nxe2 Bd7 13. Rb1 Nge7 14.
Bxc6 Bxc6 15. O-O Nd5 16. Bd2 O-O 17. Nd4 Rab8 18. Nxc6 bxc6 19. Rb3 c5 20.
Rfb1 Nb6 21. a4 Rbd8 22. Be3 Rd5 23. a5 Nc4 24. a6 h6 25. h3 Re8 26. Rb8 Rxb8
27. Rxb8+ Kh7 28. Rb7 Rd1+ 29. Kh2 Nxe3 30. fxe3 Rc1 31. Rxa7 Rxc2 32. Rxf7
Rxc3 33. a7 Ra3 34. e4 c4 35. e5 c3 36. Rc7 c2 37. e6 c1=Q 38. Rxc1 Rxa7 39.
Re1 Re7 40. Kg3 Kg6 41. Kg4 h5+ 42. Kh4 Kh6 43. g4 g5+ 44. Kg3 h4+ 45. Kf3 Kg6
46. Re5 Kf6 47. Ke4 Rxe6 48. Rxe6+ Kxe6 49. Kd4 Kd6 1/2-1/2

[Event "DEM U10/U10w 2000"]
[Site "Überlingen GER"]
[Date "2000.06.04"]
[Round "1"]
[White "Hoffmann, Lena"]
[Black "Szczap, Arthur"]
[Result "0-1"]
[Termination "normal"]
[Board "34"]
[WhiteElo "233"]
[BlackElo "925"]
[PlyCount "168"]
[WhiteFideId "24626597"]
[BlackFideId "24637394"]
[EventCountry "GER"]
[EventRounds "11"]
[EventType "swiss"]
[EventDate "2000.06.03"]

1. e4 c5 2. Nc3 e6 3. g3 d6 4. Bg2 Be7 5. Nge2 Nf6 6. d3 Nc6 7. Be3 O-O 8. Qd2
Qc7 9. O-O-O a6 10. f4 b5 11. a3 b4 12. axb4 cxb4 13. Na2 a5 14. e5 dxe5 15.
fxe5 b3 16. Nac3 bxc2 17. Qxc2 Nb4 18. Qb3 Rb8 19. exf6 Nxd3+ 20. Rxd3 Rxb3 21.
fxe7 Qxe7 22. Kc2 Rb8 23. Bf4 Rb6 24. Rhd1 Qb4 25. Bc1 Ba6 26. Rd4 Qb3+ 27. Kb1
Bxe2 28. Nxe2 g6 29. R1d3 Qb5 30. Nc3 Qf5 31. Bh6 Rfb8 32. Be4 Rxb2+ 33. Kc1
Qf6 34. Bf4 R2b3 35. Bxb8 Rxc3+ 36. Rxc3 Qxd4 37. Rc8+ Kg7 38. Bb1 Qg1+ 39. Kb2
Qxh2+ 40. Ka1 a4 41. Bd6 Qd2 42. Be5+ f6 43. Rc7+ Kf8 44. Bxf6 a3 45. Be7+ Ke8
46. Bxa3 Qa5 47. Re7+ Kd8 48. Kb2 Qb5+ 49. Ka2 Qc4+ 50. Kb2 Qb5+ 51. Kc2 Qa4+
52. Kb2 Qd4+ 53. Ka2 Qf2+ 54. Ka1 Qxg3 55. Bb4 Qe5+ 56. Ka2 Qd5+ 57. Ka3 Qc4
58. Rxh7 g5 59. Ba5+ Kc8 60. Rh8+ Kb7 61. Rh7+ Ka6 62. Bd8 Qc3+ 63. Ka2 Qd2+
64. Ka1 Qxd8 65. Rh6 Qd4+ 66. Ka2 Qd5+ 67. Ka1 Ka5 68. Ba2 Qd1+ 69. Kb2 e5 70.
Re6 Qd4+ 71. Kb1 e4 72. Rg6 g4 73. Rg5+ Kb4 74. Rg8 Ka3 75. Ra8+ Kb4 76. Rb8+
Kc3 77. Rb3+ Kd2 78. Rg3 e3 79. Rg2+ e2 80. Rxe2+ Kxe2 81. Bf7 Kd2 82. Bg6 Kc3
83. Bc2 Qb4+ 84. Ka2 Qb2# 0-1

[Event "DEM U10/U10w 2000"]
[Site "Überlingen GER"]
[Date "2000.06.04"]
[Round "1"]
[White "Herkt, Laura"]
[Black "Marx, Heiner"]
[Result "1-0"]
[Termination "normal"]
[Board "35"]
[WhiteElo "924"]
[BlackElo "202"]
[PlyCount "73"]
[EventCountry "GER"]
[EventRounds "11"]
[EventType "swiss"]
[EventDate "2000.06.03"]

1. c4 e5 2. Nc3 Nf6 3. d3 h6 4. Nf3 Nc6 5. g3 Bc5 6. Bg2 Ng4 7. e3 O-O 8. O-O
Nf6 9. a3 d6 10. d4 exd4 11. exd4 Bb6 12. b4 a6 13. c5 dxc5 14. dxc5 Qxd1 15.
Rxd1 Ba7 16. Be3 Bg4 17. Rd2 Bf5 18. Nd4 Nxd4 19. Bxd4 c6 20. Re1 Rae8 21. Rf1
Re7 22. Na4 Rd7 23. Rfd1 Rfd8 24. Nc3 Bb8 25. Bxf6 gxf6 26. Rxd7 Bxd7 27. Bh3
Be5 28. Ne2 Re8 29. Rxd7 Bb2 30. Kf1 b5 31. cxb6 Rb8 32. b7 Bxa3 33. Rc7 Kg7
34. Bc8 Bxb4 35. Rxc6 a5 36. Rd6 Bc3 37. Nxc3 1-0

[Event "DEM U10/U10w 2000"]
[Site "Überlingen GER"]
[Date "2000.06.04"]
[Round "1"]
[White "Ugur, Özgür"]
[Black "Erben, Larissa"]
[Result "1/2-1/2"]
[Termination "normal"]
[Board "36"]
[WhiteElo "183"]
[BlackElo "918"]
[PlyCount "138"]
[BlackFideId "24634590"]
[EventCountry "GER"]
[EventRounds "11"]
[EventType "swiss"]
[EventDate "2000.06.03"]

1. e4 e5 2. Nf3 Nc6 3. Bb5 Nf6 4. Nc3 Bc5 5. d3 h6 6. O-O d6 7. Bc4 Bg4 8. h3
Bh5 9. Be3 Nd7 10. Qe2 O-O 11. Bxc5 Nxc5 12. Qe3 Bxf3 13. Qxf3 Nd4 14. Qd1 Qg5
15. Nb5 Nxb5 16. Bxb5 Ne6 17. Bc4 Nf4 18. Qf3 c6 19. Qg4 Qxg4 20. hxg4 b5 21.
Bb3 a5 22. a3 a4 23. Ba2 Ne2+ 24. Kh1 Nd4 25. c3 Ne2 26. Rfe1 Nf4 27. Re3 d5
28. exd5 Nxd5 29. Bxd5 cxd5 30. Rxe5 Rad8 31. Rae1 f6 32. Re7 d4 33. Rc1 dxc3
34. Rxc3 Rfe8 35. Rxe8+ Rxe8 36. Rc5 Rb8 37. d4 b4 38. Rc2 bxa3 39. bxa3 Rb1+
40. Kh2 Ra1 41. Rc3 Ra2 42. f3 Kf7 43. Re3 Rd2 44. Re4 Rd3 45. d5 Rxa3 46. d6
Rd3 47. Rxa4 Rxd6 48. Kg3 Kg6 49. Ra5 Rd2 50. Ra1 f5 51. gxf5+ Kxf5 52. Ra5+
Kg6 53. Re5 Kf6 54. Re4 Rd5 55. Kg4 Rg5+ 56. Kh3 Kf5 57. Ra4 Rg6 58. g4+ Kf6
59. Re4 Rg5 60. Kh4 Rd5 61. Kg3 h5 62. Rf4+ Kg5 63. gxh5 Kxh5 64. Rg4 Rg5 65.
Rxg5+ Kxg5 66. f4+ Kf5 67. Kf3 g6 68. Kg3 g5 69. fxg5 Kxg5 1/2-1/2

[Event "DEM U10/U10w 2000"]
[Site "Überlingen GER"]
[Date "2000.06.04"]
[Round "1"]
[White "Weber, Max"]
[Black "Braun, Konstantin"]
[Result "1-0"]
[Termination "normal"]
[Board "37"]
[WhiteElo "911"]
[BlackElo "170"]
[PlyCount "67"]
[WhiteFideId "24606146"]
[EventCountry "GER"]
[EventRounds "11"]
[EventType "swiss"]
[EventDate "2000.06.03"]

13. Bg2 b6 14. Nc3 a5 15. Qa4 Qxa4 16. Rxa4 Bd7 17. Ra1 c6 18. Rb1 Rfb8 19. O-O
a4 20. cxd5 cxd5 21. Ba3 b5 22. Rb4 Ne8 23. Nxd5 Be6 24. Nc3 Nc7 25. Bxe4 Ra7
26. Rfb1 Bd7 27. R4b2 g6 28. Bd3 Rab7 29. Nxa4 b4 30. Nc5 Ra7 31. Bxb4 Bb5 32.
Bc3 Ra3 33. Bxb5 Nxb5 34. Rxb5 Rxb5 35. Rxb5 Rxc3 36. Rb8+ Kg7 37. Rb7 Rc1+ 38.
Kg2 Rd1 39. Nf3 h5 40. Ne5 Kh6 41. Rxf7 g5 42. Rf6+ Kg7 43. Ne4 h4 44. Rg6+ Kh7
45. Rxg5 hxg3 46. hxg3 1-0